000 00519nam a2200181Ia 4500
008 090123s9999 xx 000 0 und d
082 _b24526
100 _aबनहट्टी राजेंद्र
245 _aनवलाई
250 _a1
260 _bसन प्रकाशन
300 _a104
600 _aबनहट्टी राजेंद्र
630 _aनवलाई
700 _aबनहट्टी राजेंद्र
730 _aनवलाई
942 _cBOOK
999 _c62597
_d62597